| 000 | 00800nam a22002537a 4500 | ||
|---|---|---|---|
| 999 |
_c14686 _d14686 |
||
| 003 | MIRAKIL | ||
| 005 | 20211215135930.0 | ||
| 008 | 211215b tu ||||| |||| 00| 0 tur d | ||
| 040 |
_aTR-AnCHP _btur _cTR-AnCHP |
||
| 041 | _atur | ||
| 082 |
_a956.1023 _bA47i 1992 |
||
| 100 | _aAkşin, Sina | ||
| 245 |
_aİstanbul hükümetleri ve Milli mücadele: _bSon meşrutiyet (1919-1920)/ _cSina Akşin. |
||
| 246 | _aSon meşrutiyet (1919-1920) | ||
| 260 |
_aİstanbul _bCem Yayınevi, _c1992. |
||
| 300 |
_a558 s.: _c19 sm. |
||
| 490 |
_aCem Yayınevi; _aKültür Dizisi |
||
| 504 | _aKaynakça ve dizin vardır. | ||
| 650 |
_aSiyasi partiler _xTürkiye _xTarih |
||
| 650 |
_aMilli mücadele _xHükümetler _zİstanbul |
||
| 740 | _aSon meşrutiyet (1919-1920) | ||
| 942 |
_2ddc _cBKS |
||
| 999 | _d14686 | ||